Pravidlá prepravy nebezpečných látok Slovenská republika zabezpečuje praktickú aplikáciu noriem Európskej únie

Bibliographic Details
Main Author: Schön, Kamil (Author)
Format: Article
Language:Slovak
PhysicalDescription:Tab.
ISSN:1335-7883
Subjects:

MARC

LEADER 00000nab a2200000 a 4500
001 vtls000808553
003 SK-MaSNL
005 20260302150318.0
008 180205c2002 xo 0 slo
015 |a SNBRB2002/10-30993 
035 |a CLN000160208 
040 |a SNKBUCL  |b slo  |c SNKBUCL  |e AACR2 
041 0 |a slo 
044 |a xo  |c SK 
080 |a 614.878:661.833.42  |2 UDC-MRF-SK2 
080 |a 661.833.42  |2 UDC-MRF-SK2 
100 1 |a Schön, Kamil  |4 aut  |9 22039 
245 1 0 |a Pravidlá prepravy nebezpečných látok  |b Slovenská republika zabezpečuje praktickú aplikáciu noriem Európskej únie  |c Kamil Schön 
300 |b Tab. 
650 0 7 |a látky nebezpečné  |x preprava  |z Slovensko  |2 snkbucl  |9 839779 
655 7 |a články z novín a časopisov  |2 snkbucl  |9 267496 
773 0 |x 1335-7883  |t Verejná správa  |g Roč. 57, č. 20 (2002), s. 12-13 
850 |a Slovenská národná knižnica v Martine 
852 |a SNK  |b KIS3GCP 
958 |a RBX 
999 |c 1356984  |d 1358914